000 00612nam a2200121Ia 4500
008 171212s9999 xx 000 0 und d
020 _a9780833087683
100 _aTanielian, Terri;Farris, Coreen;Epley, Caroline;Farmer, Carrie M.;Robinson, Eric
245 _cTanielian, Terri;Farris, Coreen;Epley, Caroline;Farmer, Carrie M.;Robinson, Eric
_aReady to Serve
_bCommunity-Based Provider Capacity to Deliver Culturally Competent, Quality Mental Health Care to Veterans and Their Families
260 _bRAND Corporation
_c2014
650 _aHealth Sciences
856 _uhttp://www.jstor.org/stable/10.7249/j.ctt14bs1qk
999 _c352468
_d352468